000 00288nam a22001337a 4500
008 171010b xxu||||| |||| 00| 0 eng d
020 _a9780534621636
041 _aeng
080 _a316
100 _a50
101 _aSOC
245 _aRURAL SOCIAL WORK
_cLAINE.T
942 _2udc
_cBK
999 _c33002
_d33002